000 00648nam a22002177a 4500
999 _c15161
_d15161
003 MIRAKIL
005 20230221140930.0
008 230221b tu ||||| |||| 00| 0 tur d
020 _a9786051711614
040 _aTR-AnCHP
_cTR-AnCHP
041 _atur
082 _a351.0078
_bD55t 2015
100 _aDinçer, Ömer
245 1 0 _aTürkiye'de değişim yapmak neden bu kadar zor? /
_cÖmer Dinçer
260 _aİstanbul :
_bAlfa Basım Yayım Dağıtım,
_c 2015.
300 _a320 s. ;
_c24 sm.
490 0 _aAlfa ;
_aGüncel ;
_v2848.
_v93
504 _aKaynakça vardır.
650 0 _96222
_aKamu yönetimi
_xTürkiye
942 _2ddc
_cBKS